logo

Bir Sreshtho Munshi Abdur Rouf Library
Jhenaidah Cadet College

A tale that is told : (Record no. 9080)

MARC details
000 -LEADER
fixed length control field 00855cam a22002651 4500
001 - CONTROL NUMBER
JCCL Control Number 9080
003 - CONTROL NUMBER IDENTIFIER
JCCL marc code BD-JhCC
005 - DATE AND TIME OF LATEST TRANSACTION
control field 20180315094621.0
008 - FIXED-LENGTH DATA ELEMENTS--GENERAL INFORMATION
fixed length control field 740607s1960 enkac b 000 0 eng
035 ## - SYSTEM CONTROL NUMBER
system control number (BD-JhCC)9080
035 ## - SYSTEM CONTROL NUMBER
system control number (OCoLC)910637
040 ## - CATALOGING SOURCE
Original cataloging agency DLC
Transcribing agency OU
Modifying agency OCoLC
-- Uk
-- DLC
-- BD-JhCC
041 ## - LANGUAGE CODE
Language code of Book eng
050 00 - LIBRARY OF CONGRESS CALL NUMBER
Classification number PR471
Item number .A437 1960
082 ## - DEWEY DECIMAL CLASSIFICATION NUMBER
Classification number 820.904
Author mark and Year ALL 1960
100 1# - MAIN ENTRY--PERSONAL NAME
Personal name Allen, Arthur Bruce,
Dates associated with a name 1903-
245 12 - TITLE STATEMENT
Title A tale that is told :
Remainder of title a pageant of English literature, 1900-1950 /
Statement of responsibility, etc by Arthur B. Allen.
260 ## - PUBLICATION, DISTRIBUTION, ETC. (IMPRINT)
Place of publication, distribution, etc London,
Name of publisher, distributor, etc Barrie and Rockliff
Date of publication, distribution, etc [1960]
300 ## - PHYSICAL DESCRIPTION
Pagination 223 p.
Other physical details illus., ports.
Dimensions 23 cm.
504 ## - BIBLIOGRAPHY, ETC. NOTE
Bibliography, etc Includes bibliographical references.
650 #0 - SUBJECT ADDED ENTRY--TOPICAL TERM
Topical term or geographic name as entry element English literature
Form subdivision Outlines, syllabi, etc.
650 #0 - SUBJECT ADDED ENTRY--TOPICAL TERM
Topical term or geographic name as entry element English literature
Chronological subdivision 19th century.
650 #0 - SUBJECT ADDED ENTRY--TOPICAL TERM
Topical term or geographic name as entry element English literature
Chronological subdivision 20th century.
942 ## - ADDED ENTRY ELEMENTS (KOHA)
Source of classification or shelving scheme Dewey Decimal Classification
Koha item type Books
Holdings
Source of classification or shelving scheme Damaged status Not for loan Home library Current library Shelving location Total Checkouts Full call number Barcode Date last seen Copy number Koha item type
Dewey Decimal Classification     JCC Rouf Library JCC Rouf Library General Stacks   820.904 ALL 1960 12125 03/08/2018 C - 1 Books

JCC Library | Contacts | JCC Home

Last Update on 23 September 2017
Copyright @ 2017-2020 JCC Rouf Library
Rouf Library, Jhenidah Cadet College (JCC), Bangladesh